00538nam a2200169Ia 4500003000900000008004100009040001600050080001500066100001900081245012500100260003300225300001500258490004700273650001300320650001600333650001900349IN-BaIIA211028s9999 xx 000 0 eng d cIIA Library a517bSMI-2 aSmirnov, V. I. 2aA course in higher mathematicsbvol. 2, advanced calculuscV. I. Smirnov  aOxfordbPergamon Pressc1964 axiv, 630p. aAdiwes International series in mathematics aCalculus aMathematics aNASA Thesaurus